[Event "Mindsports Rapidplay 4th"]
[Site "London"]
[Date "2024.07.19"]
[Round "3.4"]
[White "Razhnou, Lev"]
[Black "Liu, Tianyi (Jack)"]
[Result "0-1"]
[WhiteElo "1718"]
[BlackElo "2044"]
[PlyCount "80"]
[EventDate "2024.07.19"]
[EventType "swiss (rapid)"]
[EventRounds "5"]
[EventCountry "ENG"]
[SourceTitle "BritBase"]
[Source "John Saunders"]
[SourceDate "2024.08.27"]
[SourceVersion "1"]
[SourceVersionDate "2024.08.27"]
[SourceQuality "1"]

1. d4 Nf6 2. Bf4 d5 3. e3 c5 4. Nf3 Nc6 5. Nbd2 Bf5 6. dxc5 Nh5 7. Bg3 Nxg3 8. hxg3 e5 9. Bb5 f6 10. b4 a5 11. c3 Be7 12. a3 O-O 13. Qb3 Be6 14. e4 axb4 15. cxb4 Qd7 16. exd5 Bxd5 17. Bc4 Rfd8 18. Bxd5+ Qxd5 19. Qxd5+ Rxd5 20. Ke2 f5 21. Nc4 e4 22. Nfd2 Rad8 23. Rad1 Nd4+ 24. Ke3 Bg5+ 25. f4 exf3+ 26. Kf2 fxg2 27. Kxg2 Nc2 28. Rc1 Rxd2+ 29. Nxd2 Rxd2+ 30. Kh3 Nxa3 31. Ra1 Rd3 32. Rhd1 Rb3 33. Rd7 h6 34. Rxb7 Bf6 35. Rf1 Nc2 36. c6 Be5 37. c7 Rxg3+ 38. Kh4 Rc3 39. Rxf5 Bxc7 40. Rd5 Kh7 0-1

[Event "Mindsports Rapidplay 4th"]
[Site "London"]
[Date "2024.07.19"]
[Round "3.5"]
[White "Balmond, Tom"]
[Black "Patel, Zain"]
[Result "0-1"]
[WhiteElo "1613"]
[BlackElo "1964"]
[PlyCount "50"]
[EventDate "2024.07.19"]
[EventType "swiss (rapid)"]
[EventRounds "5"]
[EventCountry "ENG"]
[SourceTitle "BritBase"]
[Source "John Saunders"]
[SourceDate "2024.08.27"]
[SourceVersion "1"]
[SourceVersionDate "2024.08.27"]
[SourceQuality "1"]

1. e4 c6 2. d4 d5 3. Nc3 dxe4 4. Nxe4 Nf6 5. Nxf6+ exf6 6. Bf4 Bd6 7. Bg3 O-O 8. Bd3 Re8+ 9. Ne2 Bg4 10. Qd2 Qe7 11. Bxd6 Qxd6 12. O-O-O Bxe2 13. Bxe2 Qe6 14. Bf3 Qxa2 15. Qb4 Na6 16. Qc3 Rad8 17. Rhe1 Nc7 18. Qb4 Nb5 19. d5 a5 20. Rxe8+ Rxe8 21. Qc5 Qa1+ 22. Kd2 Qxb2 23. dxc6 Nd4 24. c7 Nb3+ 25. Kd3 Nxc5+ 0-1

[Event "Mindsports Rapidplay 4th"]
[Site "London"]
[Date "2024.07.19"]
[Round "3.6"]
[White "Cheng, Tsz In"]
[Black "Vesciunas, Tomas"]
[Result "1-0"]
[WhiteElo "1603"]
[BlackElo "1872"]
[PlyCount "61"]
[EventDate "2024.07.19"]
[EventType "swiss (rapid)"]
[EventRounds "5"]
[EventCountry "ENG"]
[SourceTitle "BritBase"]
[Source "John Saunders"]
[SourceDate "2024.08.27"]
[SourceVersion "1"]
[SourceVersionDate "2024.08.27"]
[SourceQuality "1"]

1. d4 Nf6 2. Bg5 e6 3. Nd2 d5 4. e3 c5 5. c3 Nbd7 6. f4 Qb6 7. Rb1 Bd6 8. Bd3 Qc7 9. Ngf3 b6 10. O-O Bb7 11. Ne5 Rc8 12. Qf3 a6 13. Qh3 Ne4 14. Nxe4 dxe4 15. Bc4 Bd5 16. Bxa6 Ra8 17. Bb5 Bxe5 18. fxe5 h6 19. c4 Bc6 20. Rxf7 Kxf7 21. Rf1+ Nf6 22. Bxf6 gxf6 23. Rxf6+ Ke8 24. Qxe6+ Kd8 25. Bxc6 Ra7 26. d5 Qe7 27. Qf5 Rg8 28. d6 Qg7 29. g3 Rxa2 30. Rf7 Qg4 31. Qxg4 1-0

[Event "Mindsports Rapidplay 4th"]
[Site "London"]
[Date "2024.07.19"]
[Round "4.2"]
[White "Finn, Peter"]
[Black "Andal, Edmond"]
[Result "0-1"]
[WhiteElo "2046"]
[BlackElo "1932"]
[PlyCount "81"]
[EventDate "2024.07.19"]
[EventType "swiss (rapid)"]
[EventRounds "5"]
[EventCountry "ENG"]
[SourceTitle "BritBase"]
[Source "John Saunders"]
[SourceDate "2024.08.27"]
[SourceVersion "1"]
[SourceVersionDate "2024.08.27"]
[SourceQuality "1"]

1. d4 e6 2. Nf3 f5 3. g3 Nf6 4. Bg2 Bd6 5. c4 O-O 6. Nc3 Bb4 7. O-O Bxc3 8. bxc3 Qe7 9. a4 d6 10. Ba3 c5 11. a5 Na6 12. Qb3 e5 13. dxe5 dxe5 14. Rfd1 e4 15. Nd4 Qf7 16. Nb5 Ne8 17. Rd8 Nec7 18. Rad1 Ne6 19. Nd6 Qc7 20. Rxf8+ Nxf8 21. Qb5 Rb8 22. f3 Bd7 23. Qb1 Ba4 24. Nb5 Qxa5 25. fxe4 Bxd1 26. Qxd1 Rd8 27. Qf1 Nc7 28. Nxc7 Qxc7 29. exf5 Qe7 30. Bd5+ Kh8 31. Bc1 Nd7 32. Bxb7 Nf6 33. Bf3 Qe5 34. g4 Ne4 35. Kg2 Nxc3 36. Bg5 Nd1 37. e4 Qd4 38. Bxd8 Ne3+ 39. Kg1 Nxf1+ 40. Kxf1 Qxd8 41. Kg2 0-1

[Event "Mindsports Rapidplay 4th"]
[Site "London"]
[Date "2024.07.19"]
[Round "4.3"]
[White "Patel, Zain"]
[Black "Badacsonyi, Stanley"]
[Result "0-1"]
[WhiteElo "1964"]
[BlackElo "2261"]
[PlyCount "76"]
[EventDate "2024.07.19"]
[EventType "swiss (rapid)"]
[EventRounds "5"]
[EventCountry "ENG"]
[SourceTitle "BritBase"]
[Source "John Saunders"]
[SourceDate "2024.08.27"]
[SourceVersion "1"]
[SourceVersionDate "2024.08.27"]
[SourceQuality "1"]

1. d4 Nf6 2. Nf3 c5 3. d5 g6 4. c4 b5 5. cxb5 a6 6. b6 d6 7. Qb3 Bb7 8. Nc3 Nbd7 9. e4 Bg7 10. Be2 O-O 11. O-O Nxb6 12. Nd2 a5 13. Na4 Nxa4 14. Qxa4 Qb6 15. Bb5 Ba6 16. Bxa6 Rxa6 17. Re1 Rb8 18. Re3 Qb4 19. Qc2 a4 20. Nc4 Ng4 21. Re2 Ne5 22. Nxe5 Bxe5 23. Qd3 c4 24. Qc2 a3 25. Rb1 axb2 26. Be3 c3 27. f4 Bd4 28. e5 Rxa2 29. exd6 exd6 30. Kh1 Ra1 31. Bxd4 Rxb1+ 32. Qxb1 Qxd4 33. f5 Qd1+ 34. Qxd1 b1=Q 35. Re8+ Kg7 36. f6+ Kh6 37. Qg1 Qxg1+ 38. Kxg1 Rxe8 0-1

[Event "Mindsports Rapidplay 4th"]
[Site "London"]
[Date "2024.07.19"]
[Round "4.4"]
[White "Liu, Tianyi (Jack)"]
[Black "Cheng, Tsz In"]
[Result "1-0"]
[WhiteElo "2044"]
[BlackElo "1603"]
[PlyCount "93"]
[EventDate "2024.07.19"]
[EventType "swiss (rapid)"]
[EventRounds "5"]
[EventCountry "ENG"]
[SourceTitle "BritBase"]
[Source "John Saunders"]
[SourceDate "2024.08.27"]
[SourceVersion "1"]
[SourceVersionDate "2024.08.27"]
[SourceQuality "1"]

1. e4 c6 2. d4 d5 3. e5 Bf5 4. Nd2 e6 5. Nb3 Nd7 6. Nf3 h6 7. Be2 Ne7 8. O-O Bh7 9. a4 Nf5 10. a5 Be7 11. c3 O-O 12. g4 Nh4 13. Nxh4 Bxh4 14. Be3 f6 15. f4 fxe5 16. dxe5 g5 17. Bd3 gxf4 18. Bxh7+ Kxh7 19. Qd3+ Kg7 20. Bxf4 Bg5 21. Bg3 Qe7 22. Kg2 Rxf1 23. Rxf1 Rf8 24. Rxf8 Nxf8 25. Nd4 Ng6 26. a6 bxa6 27. Nxc6 Qb7 28. Nb4 a5 29. Qa6 Qxa6 30. Nxa6 Bc1 31. b3 Bf4 32. Nc5 Bxe5 33. Nxe6+ Kf6 34. Nd4 Ne7 35. Bxe5+ Kxe5 36. Kf3 a6 37. Ke3 Kf6 38. Nf3 Ke6 39. h4 Kf6 40. Kd4 Ke6 41. Kc5 Nc8 42. Kc6 Na7+ 43. Kb6 Nb5 44. Nd4+ Ke5 45. Nxb5 axb5 46. Kxb5 Kf4 47. g5 1-0

[Event "Mindsports Rapidplay 4th"]
[Site "London"]
[Date "2024.07.19"]
[Round "4.5"]
[White "Sood, Vineet"]
[Black "Varghese, David"]
[Result "0-1"]
[WhiteElo "1817"]
[BlackElo "1521"]
[PlyCount "48"]
[EventDate "2024.07.19"]
[EventType "swiss (rapid)"]
[EventRounds "5"]
[EventCountry "ENG"]
[SourceTitle "BritBase"]
[Source "John Saunders"]
[SourceDate "2024.08.27"]
[SourceVersion "1"]
[SourceVersionDate "2024.08.27"]
[SourceQuality "1"]

1. e4 c5 2. Nc3 e6 3. g3 d6 4. Bg2 Nf6 5. Nge2 Be7 6. O-O O-O 7. h3 Nc6 8. d3 h6 9. f4 Re8 10. g4 d5 11. e5 Nh7 12. Ng3 f6 13. exf6 Bxf6 14. Nh5 Bd4+ 15. Kh1 Nf6 16. Ng3 e5 17. Nce2 Nxg4 18. Nxd4 exd4 19. hxg4 Qh4+ 20. Kg1 Qxg3 21. f5 Ne5 22. Bf4 Qxg4 23. Qxg4 Nxg4 24. Bxd5+ Kh8 0-1

[Event "Mindsports Rapidplay 4th"]
[Site "London"]
[Date "2024.07.19"]
[Round "4.6"]
[White "Vesciunas, Tomas"]
[Black "Ba, Amy"]
[Result "1-0"]
[WhiteElo "1872"]
[BlackElo "1614"]
[PlyCount "71"]
[EventDate "2024.07.19"]
[EventType "swiss (rapid)"]
[EventRounds "5"]
[EventCountry "ENG"]
[SourceTitle "BritBase"]
[Source "John Saunders"]
[SourceDate "2024.08.27"]
[SourceVersion "1"]
[SourceVersionDate "2024.08.27"]
[SourceQuality "1"]

1. e4 e6 2. d4 d5 3. Nc3 Nf6 4. e5 Nfd7 5. f4 c5 6. Nf3 Nc6 7. Be3 cxd4 8. Nxd4 Nxd4 9. Bxd4 Be7 10. Bd3 a6 11. Qg4 g6 12. O-O-O Bc5 13. Bxc5 Nxc5 14. h4 Nxd3+ 15. Rxd3 h5 16. Qe2 Bd7 17. Rd2 Qb6 18. g4 hxg4 19. Qxg4 O-O-O 20. h5 gxh5 21. Rxh5 Rxh5 22. Qxh5 Qg1+ 23. Nd1 Qg7 24. Qf3 Bc6 25. Rg2 Qh6 26. Qf2 Kc7 27. Qd4 Qh3 28. Rg7 Qh5 29. Qb4 Kc8 30. a4 Qf5 31. a5 d4 32. Qe7 Qxf4+ 33. Kb1 Rd7 34. Rg8+ Kc7 35. Qe8 Qxe5 36. Qb8# 1-0

[Event "Mindsports Rapidplay 4th"]
[Site "London"]
[Date "2024.07.19"]
[Round "4.7"]
[White "Rubeck, Jonathan"]
[Black "Fortunato, Bartolomeo"]
[Result "1-0"]
[WhiteElo "1809"]
[BlackElo "1579"]
[PlyCount "57"]
[EventDate "2024.07.19"]
[EventType "swiss (rapid)"]
[EventRounds "5"]
[EventCountry "ENG"]
[SourceTitle "BritBase"]
[Source "John Saunders"]
[SourceDate "2024.08.27"]
[SourceVersion "1"]
[SourceVersionDate "2024.08.27"]
[SourceQuality "1"]

1. e4 c5 2. Nc3 d6 3. f4 Nc6 4. Nf3 Bg4 5. h3 Bxf3 6. Qxf3 Nf6 7. Bc4 Nd4 8. Qd1 a6 9. a4 e6 10. d3 Nd7 11. O-O Qh4 12. Be3 g6 13. Qd2 Bg7 14. Rae1 O-O 15. f5 Qe7 16. Bg5 f6 17. Be3 Kh8 18. fxe6 Nxe6 19. Nd5 Qd8 20. Bh6 Ne5 21. Bxg7+ Kxg7 22. Ba2 b5 23. Rf2 Nc7 24. Nf4 c4 25. d4 Nf7 26. b3 g5 27. Nh5+ Kg6 28. Rxf6+ Kxh5 29. Qe2+ 1-0

[Event "Mindsports Rapidplay 4th"]
[Site "London"]
[Date "2024.07.19"]
[Round "4.8"]
[White "Balmond, Tom"]
[Black "Razhnou, Lev"]
[Result "1-0"]
[WhiteElo "1613"]
[BlackElo "1718"]
[PlyCount "182"]
[EventDate "2024.07.19"]
[EventType "swiss (rapid)"]
[EventRounds "5"]
[EventCountry "ENG"]
[SourceTitle "BritBase"]
[Source "John Saunders"]
[SourceDate "2024.08.27"]
[SourceVersion "1"]
[SourceVersionDate "2024.08.27"]
[SourceQuality "1"]

1. e4 e6 2. d4 d5 3. Nc3 Nf6 4. e5 Nfd7 5. f4 c5 6. Nf3 Nc6 7. Bb5 Qb6 8. Be3 a6 9. Bxc6 bxc6 10. Na4 Qa5+ 11. c3 cxd4 12. b4 Qc7 13. Nxd4 c5 14. bxc5 Nxc5 15. Nxc5 Bxc5 16. O-O Bd7 17. f5 Qxe5 18. Bf4 Bxd4+ 19. cxd4 Qxf5 20. Rb1 Qg6 21. Rf3 O-O 22. Rg3 Qe4 23. Bh6 g6 24. Bxf8 Ba4 25. Qe1 Qxd4+ 26. Kh1 Rxf8 27. Rb4 Qd1 28. Qxd1 Bxd1 29. Ra3 Be2 30. Kg1 f5 31. Re3 Bc4 32. Rxe6 Bxa2 33. Rxa6 Bc4 34. Rd6 Re8 35. Kf2 Kf7 36. Rb7+ Re7 37. Rbb6 Kg7 38. Kf3 Bd3 39. Rb3 Be4+ 40. Kg3 Ra7 41. Rb2 g5 42. Kf2 g4 43. g3 h5 44. Rbb6 Ra2+ 45. Ke3 Ra7 46. Rg6+ Kh7 47. Rh6+ Kg7 48. Rxh5 Ra4 49. Rd6 Ra7 50. Rhh6 Re7 51. Rdg6+ Kf7 52. Rh7+ Kxg6 53. Rxe7 Kf6 54. Ra7 Ke5 55. Ra4 Bf3 56. Rd4 Bg2 57. Rf4 Be4 58. Rf1 d4+ 59. Kd2 Bd5 60. Re1+ Be4 61. Ra1 Kd5 62. Ra5+ Ke6 63. Ke2 Kd6 64. Kd2 Kc6 65. Ra8 Kc5 66. Rc8+ Kb4 67. Rb8+ Ka4 68. Rd8 Kb5 69. Rxd4 Kc5 70. Ke3 Kc6 71. Rxe4 fxe4 72. Kxe4 Kd6 73. Kf4 Ke6 74. Kxg4 Kf6 75. Kh5 Kg7 76. g4 Kh7 77. g5 Kg7 78. Kg4 Kg6 79. h3 Kg7 80. Kf5 Kf7 81. g6+ Kg7 82. Kg5 Kg8 83. Kf6 Kf8 84. g7+ Kg8 85. h4 Kh7 86. Kf7 Kh6 87. g8=Q Kh5 88. Kf6 Kxh4 89. Kf5 Kh3 90. Kf4 Kh2 91. Kf3 Kh1 1-0

[Event "Mindsports Rapidplay 4th"]
[Site "London"]
[Date "2024.07.19"]
[Round "4.10"]
[White "Veeturi, Yashvardhan"]
[Black "Singh, Avyanna"]
[Result "1-0"]
[WhiteElo "1637"]
[BlackElo "1594"]
[PlyCount "127"]
[EventDate "2024.07.19"]
[EventType "swiss (rapid)"]
[EventRounds "5"]
[EventCountry "ENG"]
[SourceTitle "BritBase"]
[Source "John Saunders"]
[SourceDate "2024.08.27"]
[SourceVersion "1"]
[SourceVersionDate "2024.08.27"]
[SourceQuality "1"]

1. e4 e5 2. Nf3 Nc6 3. d4 exd4 4. Nxd4 Bc5 5. Nb3 Bb6 6. Nc3 Qf6 7. Qe2 Nge7 8. Be3 d6 9. O-O-O Be6 10. f3 h6 11. Kb1 Ng6 12. Nd5 Qd8 13. h3 Qd7 14. c4 Bxe3 15. Qxe3 O-O-O 16. Nd4 Kb8 17. Nb5 a6 18. Nbxc7 Bxd5 19. Nxd5 Rhe8 20. Qc3 Nge7 21. Nxe7 Rxe7 22. Qxg7 f5 23. Qxh6 fxe4 24. fxe4 Rxe4 25. Bd3 Ree8 26. Rhe1 Ne5 27. Qd2 Qc6 28. Rc1 Rg8 29. Be4 Qb6 30. Qe3 Qc7 31. Bd5 Rge8 32. Qb3 Re7 33. Re2 Ree8 34. Rce1 Qh7+ 35. Ka1 Qc7 36. g4 Qd7 37. g5 Nc6 38. Bxc6 Qxc6 39. a3 Rxe2 40. Rxe2 Qh1+ 41. Ka2 Qg1 42. Qe3 Qxe3 43. Rxe3 Rg8 44. h4 Kc7 45. Rg3 Kd7 46. h5 Ke7 47. Kb3 Kf7 48. Kc3 Kg7 49. Kd4 Re8 50. Rg2 Rh8 51. h6+ Kg6 52. Kd5 Rc8 53. b3 Rc5+ 54. Kxd6 Rxg5 55. Rxg5+ Kxg5 56. h7 Kf4 57. h8=Q Kg3 58. Qf8 Kg2 59. Qf4 Kh3 60. Qg5 Kh2 61. Ke5 Kh1 62. Kf4 Kh2 63. Kf3 Kh1 64. Qh5+ 1-0

[Event "Mindsports Rapidplay 4th"]
[Site "London"]
[Date "2024.07.19"]
[Round "5.1"]
[White "Andal, Edmond"]
[Black "Janik, Igor"]
[Result "0-1"]
[WhiteElo "1932"]
[BlackElo "2469"]
[PlyCount "104"]
[EventDate "2024.07.19"]
[EventType "swiss (rapid)"]
[EventRounds "5"]
[EventCountry "ENG"]
[SourceTitle "BritBase"]
[Source "John Saunders"]
[SourceDate "2024.08.27"]
[SourceVersion "1"]
[SourceVersionDate "2024.08.27"]
[SourceQuality "1"]

1. Nf3 Nf6 2. d4 b6 3. b3 Bb7 4. e3 g6 5. Bb2 Bg7 6. Bd3 O-O 7. O-O c5 8. Nbd2 cxd4 9. exd4 d6 10. Re1 Nbd7 11. Qe2 Re8 12. Rad1 a6 13. Qf1 b5 14. c4 bxc4 15. bxc4 Qa5 16. Bb1 Rac8 17. Nb3 Qa4 18. Nfd2 Nh5 19. g3 Nhf6 20. d5 Nb6 21. Rc1 Qd7 22. Na5 Ba8 23. Bd4 Na4 24. Nab3 Qb7 25. Ne4 Nxe4 26. Rxe4 e5 27. Ba1 f5 28. Ree1 Nc5 29. Bc2 Qa7 30. Rb1 a5 31. Bc3 Nxb3 32. axb3 Bxd5 33. Ra1 Ba8 34. Rxa5 Qb7 35. Rd5 Qd7 36. Ra5 Qc6 37. Rd5 Qc7 38. Ra5 d5 39. Rea1 d4 40. Bd2 Qb7 41. Rd5 Qf7 42. Rda5 e4 43. R1a2 e3 44. fxe3 dxe3 45. Be1 Qb7 46. Rd5 e2 47. Qf2 Bh6 48. Qf3 Qf7 49. Rxa8 Rxa8 50. Bd3 Ra1 51. Kf2 Qa7+ 52. c5 Rxe1 0-1

[Event "Mindsports Rapidplay 4th"]
[Site "London"]
[Date "2024.07.19"]
[Round "5.2"]
[White "Badacsonyi, Stanley"]
[Black "Liu, Tianyi (Jack)"]
[Result "1-0"]
[WhiteElo "2261"]
[BlackElo "2044"]
[PlyCount "71"]
[EventDate "2024.07.19"]
[EventType "swiss (rapid)"]
[EventRounds "5"]
[EventCountry "ENG"]
[SourceTitle "BritBase"]
[Source "John Saunders"]
[SourceDate "2024.08.27"]
[SourceVersion "1"]
[SourceVersionDate "2024.08.27"]
[SourceQuality "1"]

1. d4 Nf6 2. Nc3 d5 3. Bf4 e6 4. Nb5 Na6 5. e3 c6 6. Nc3 Nc7 7. Nf3 Bb4 8. Bd3 Nb5 9. O-O Bxc3 10. bxc3 Nxc3 11. Qe1 Nce4 12. Ne5 O-O 13. f3 Nd6 14. Qg3 Nf5 15. Qh3 c5 16. c3 Ne7 17. g4 Ng6 18. Bg3 Qa5 19. Rac1 Qxa2 20. Bb1 Qd2 21. Bf2 Qb2 22. Qg3 a5 23. h4 a4 24. Nd3 Qb6 25. h5 Ne7 26. Ne5 a3 27. Qh2 a2 28. Bc2 c4 29. h6 Ng6 30. hxg7 Kxg7 31. g5 Ng8 32. Bg3 Qd8 33. Nxg6 fxg6 34. Be5+ Kf7 35. Qxh7+ Ke8 36. Bxg6+ 1-0

[Event "Mindsports Rapidplay 4th"]
[Site "London"]
[Date "2024.07.19"]
[Round "5.3"]
[White "Teclaf, Pawel"]
[Black "Varghese, David"]
[Result "1-0"]
[WhiteElo "2501"]
[BlackElo "1521"]
[PlyCount "71"]
[EventDate "2024.07.19"]
[EventType "swiss (rapid)"]
[EventRounds "5"]
[EventCountry "ENG"]
[SourceTitle "BritBase"]
[Source "John Saunders"]
[SourceDate "2024.08.27"]
[SourceVersion "1"]
[SourceVersionDate "2024.08.27"]
[SourceQuality "1"]

1. Nf3 d5 2. e3 e6 3. c4 Nf6 4. b3 b6 5. cxd5 exd5 6. Bb2 Bb7 7. g3 g6 8. Bg2 Bg7 9. O-O O-O 10. Nc3 c5 11. d4 Nc6 12. dxc5 bxc5 13. Na4 Ne4 14. Bxg7 Kxg7 15. Nd2 Qe7 16. Nxe4 dxe4 17. Qc2 Rac8 18. Qxe4 Qxe4 19. Bxe4 Na5 20. Bxb7 Nxb7 21. Rac1 Rfd8 22. Rc2 Rd7 23. Rfc1 Rdc7 24. Rc4 a5 25. a3 Kf6 26. b4 axb4 27. axb4 Ke6 28. Nxc5+ Nxc5 29. bxc5 Kd5 30. Rd4+ Ke6 31. Rdc4 Kd5 32. e4+ Kc6 33. Kg2 Kb5 34. R4c2 f6 35. c6 Re7 36. Rb1+ 1-0

[Event "Mindsports Rapidplay 4th"]
[Site "London"]
[Date "2024.07.19"]
[Round "5.4"]
[White "Patel, Zain"]
[Black "Finn, Peter"]
[Result "0-1"]
[WhiteElo "1964"]
[BlackElo "2046"]
[PlyCount "88"]
[EventDate "2024.07.19"]
[EventType "swiss (rapid)"]
[EventRounds "5"]
[EventCountry "ENG"]
[SourceTitle "BritBase"]
[Source "John Saunders"]
[SourceDate "2024.08.27"]
[SourceVersion "1"]
[SourceVersionDate "2024.08.27"]
[SourceQuality "1"]

1. d4 Nf6 2. Nf3 d5 3. e3 Bf5 4. Bd3 Bxd3 5. Qxd3 c6 6. O-O e6 7. Nbd2 Bd6 8. b3 O-O 9. Bb2 Nbd7 10. e4 dxe4 11. Nxe4 Nxe4 12. Qxe4 Nf6 13. Qe2 Qe7 14. c4 Rfd8 15. Rad1 a6 16. Bc3 Bb4 17. Qd2 a5 18. Rfe1 Bxc3 19. Qxc3 Qa3 20. Ne5 a4 21. c5 Qxa2 22. bxa4 Rxa4 23. Ra1 Ne4 24. Qf3 Qxa1 25. Qxf7+ Kh8 26. Rf1 Nd2 27. h4 Qxf1+ 28. Kh2 Raxd4 29. Qxe6 Nf3+ 30. Nxf3 Qc4 31. Qe7 R4d7 32. Qg5 Rd5 33. Qg3 Qxc5 34. Ng5 Rxg5 35. hxg5 Qd6 36. f4 c5 37. Qh4 c4 38. g6 h6 39. Qf2 c3 40. Kh3 Qd2 41. Qb6 c2 42. f5 c1=Q 43. f6 Qh1+ 44. Kg4 Qg5+ 0-1

[Event "Mindsports Rapidplay 4th"]
[Site "London"]
[Date "2024.07.19"]
[Round "5.5"]
[White "Vesciunas, Tomas"]
[Black "Balmond, Tom"]
[Result "0-1"]
[WhiteElo "1872"]
[BlackElo "1613"]
[PlyCount "84"]
[EventDate "2024.07.19"]
[EventType "swiss (rapid)"]
[EventRounds "5"]
[EventCountry "ENG"]
[SourceTitle "BritBase"]
[Source "John Saunders"]
[SourceDate "2024.08.27"]
[SourceVersion "1"]
[SourceVersionDate "2024.08.27"]
[SourceQuality "1"]

1. e4 e5 2. Nf3 Nc6 3. Bb5 Nf6 4. O-O Nxe4 5. Re1 Nd6 6. Nxe5 Be7 7. Bf1 Nxe5 8. Rxe5 O-O 9. d4 Bf6 10. Re1 Nf5 11. c3 d5 12. Bf4 h6 13. Bd3 Bg5 14. Be5 Re8 15. Nd2 Be6 16. Nf3 Bf6 17. Qc2 Nd6 18. h3 Rc8 19. Qd2 Bxe5 20. Nxe5 Nc4 21. Bxc4 dxc4 22. Rad1 Qf6 23. Qc2 b5 24. Qe4 c5 25. g4 cxd4 26. cxd4 Qh4 27. Qg2 Red8 28. d5 Bd7 29. f4 Qf6 30. Qe4 h5 31. Kg2 Qh4 32. Re3 hxg4 33. Nxd7 Rxd7 34. Qf5 Rcd8 35. hxg4 g6 36. Qc2 Rxd5 37. Rxd5 Rxd5 38. Rg3 Qd8 39. Qe4 Rd2+ 40. Kh3 Rxb2 41. f5 Qf6 42. Rf3 Qh8+ 0-1

[Event "Mindsports Rapidplay 4th"]
[Site "London"]
[Date "2024.07.19"]
[Round "5.6"]
[White "Cheng, Tsz In"]
[Black "Sood, Vineet"]
[Result "1-0"]
[WhiteElo "1603"]
[BlackElo "1817"]
[PlyCount "88"]
[EventDate "2024.07.19"]
[EventType "swiss (rapid)"]
[EventRounds "5"]
[EventCountry "ENG"]
[SourceTitle "BritBase"]
[Source "John Saunders"]
[SourceDate "2024.08.27"]
[SourceVersion "1"]
[SourceVersionDate "2024.08.27"]
[SourceQuality "1"]

1. d4 Nf6 2. Bg5 d5 3. Bxf6 exf6 4. e3 Bd6 5. g3 O-O 6. Bg2 c6 7. Ne2 Bf5 8. O-O Qe7 9. b3 Re8 10. c4 Be4 11. Nbc3 Bxg2 12. Kxg2 Nd7 13. Qd3 dxc4 14. bxc4 Rad8 15. Rab1 b6 16. a4 Bc7 17. Rfd1 Ne5 18. Qe4 Nxc4 19. Qxc6 Na5 20. Qb5 Nb7 21. Qc6 Bb8 22. Rbc1 Na5 23. Qb5 Rc8 24. Kg1 Qb7 25. d5 Nc4 26. Nd4 Ne5 27. Nce2 Rcd8 28. Nc6 Rc8 29. Ned4 a6 30. Qb3 Qd7 31. Qxb6 Qh3 32. Qxa6 Ng4 33. Nf3 h5 34. Ne7+ Kh7 35. Rxc8 Rxe7 36. Qd3+ g6 37. Rxb8 h4 38. Qf1 Qxf1+ 39. Kxf1 hxg3 40. hxg3 Kg7 41. d6 Rd7 42. Rb7 Rxb7 43. d7 Rb8 44. d8=Q Rxd8 1-0

[Event "Mindsports Rapidplay 4th"]
[Site "London"]
[Date "2024.07.19"]
[Round "5.8"]
[White "Fortunato, Bartolomeo"]
[Black "Veeturi, Yashvardhan"]
[Result "0-1"]
[WhiteElo "1579"]
[BlackElo "1637"]
[PlyCount "140"]
[EventDate "2024.07.19"]
[EventType "swiss (rapid)"]
[EventRounds "5"]
[EventCountry "ENG"]
[SourceTitle "BritBase"]
[Source "John Saunders"]
[SourceDate "2024.08.27"]
[SourceVersion "1"]
[SourceVersionDate "2024.08.27"]
[SourceQuality "1"]

1. e4 c6 2. d4 d5 3. exd5 cxd5 4. Bf4 Nf6 5. Bd3 Bg4 6. Nf3 Nc6 7. c3 e6 8. Nbd2 Bd6 9. Bxd6 Qxd6 10. h3 Bh5 11. Qb3 O-O 12. O-O a6 13. Rfe1 Rab8 14. Qb6 Nd7 15. Qb3 b5 16. Qc2 Bg6 17. Bxg6 hxg6 18. Re3 Rfc8 19. Qd3 Na5 20. Ne5 Nxe5 21. Rxe5 b4 22. Rc1 bxc3 23. Rxc3 Nc6 24. Re3 Nb4 25. Qb1 Rxc3 26. Rxc3 Nc6 27. Nb3 a5 28. a3 a4 29. Nc5 Nxd4 30. Qd3 Nc6 31. Nxa4 Ne5 32. Qd4 Nc4 33. b4 Ra8 34. Rxc4 e5 35. Qb6 Qxb6 36. Nxb6 dxc4 37. Nxc4 f6 38. b5 Kf7 39. f3 Ke6 40. Kf2 Rb8 41. a4 Kd5 42. Na5 Ra8 43. b6 Kd6 44. b7 Rb8 45. Ke3 Kc5 46. f4 exf4+ 47. Kxf4 Kb6 48. Nc4+ Kxb7 49. g4 Ra8 50. a5 Kc6 51. g5 f5 52. h4 Kc5 53. Ne5 Rxa5 54. Nxg6 Kd6 55. h5 Ke6 56. Nf8+ Kf7 57. Nd7 g6 58. Ne5+ Kg7 59. Nxg6 Kf7 60. Ne5+ Ke6 61. h6 Rxe5 62. h7 Re4+ 63. Kg3 f4+ 64. Kg4 f3+ 65. Kh5 Re1 66. Kg6 Rh1 67. Kg7 Rxh7+ 68. Kxh7 f2 69. g6 f1=Q 70. g7 Qf7 0-1

[Event "Mindsports Rapidplay 4th"]
[Site "London"]
[Date "2024.07.19"]
[Round "5.9"]
[White "Razhnou, Lev"]
[Black "Ba, Amy"]
[Result "1-0"]
[WhiteElo "1718"]
[BlackElo "1614"]
[PlyCount "61"]
[EventDate "2024.07.19"]
[EventType "swiss (rapid)"]
[EventRounds "5"]
[EventCountry "ENG"]
[SourceTitle "BritBase"]
[Source "John Saunders"]
[SourceDate "2024.08.27"]
[SourceVersion "1"]
[SourceVersionDate "2024.08.27"]
[SourceQuality "1"]

1. d4 d5 2. Bf4 Nf6 3. e3 c5 4. Nf3 Nc6 5. Nbd2 Bf5 6. dxc5 e6 7. Nb3 Nd7 8. Bb5 Bxc5 9. Nxc5 Nxc5 10. Nd4 Rc8 11. Nxf5 exf5 12. O-O O-O 13. c3 a6 14. Be2 Ne6 15. Bg3 Re8 16. Bf3 Ne7 17. Qc2 Ng5 18. Be2 Ne4 19. Rad1 Qb6 20. Bh4 g5 21. Bg3 Nxg3 22. hxg3 Rcd8 23. Bf3 g4 24. Be2 Qg6 25. Rd2 Qh5 26. Rfd1 Rd6 27. f3 Rh6 28. Kf2 Qg5 29. Qa4 Rd8 30. fxg4 fxg4 31. Ke1 1-0

[Event "Mindsports Rapidplay 4th"]
[Site "London"]
[Date "2024.07.19"]
[Round "5.10"]
[White "Singh, Avyanna"]
[Black "Tsang, Timothy"]
[Result "0-1"]
[WhiteElo "1594"]
[BlackElo "1270"]
[PlyCount "75"]
[EventDate "2024.07.19"]
[EventType "swiss (rapid)"]
[EventRounds "5"]
[EventCountry "ENG"]
[SourceTitle "BritBase"]
[Source "John Saunders"]
[SourceDate "2024.08.27"]
[SourceVersion "1"]
[SourceVersionDate "2024.08.27"]
[SourceQuality "1"]

1. e4 c5 2. Nf3 e6 3. d4 cxd4 4. Nxd4 Nc6 5. Nc3 Qc7 6. Be3 Nf6 7. Be2 Bb4 8. f3 a6 9. Nb3 O-O 10. Qd2 d5 11. a3 Bxc3 12. Qxc3 dxe4 13. O-O-O Qe5 14. Qd2 Bd7 15. fxe4 Rfd8 16. Bb6 Nxe4 17. Qd3 Qf4+ 18. Kb1 Ne5 19. Qd4 Rdc8 20. Rhf1 Qxh2 21. Qxe4 Bc6 22. Qd3 Nxd3 23. Bxd3 Qxg2 24. Rh1 h6 25. Rhg1 Qf3 26. Rdf1 Qh5 27. Bd4 g6 28. Bc3 Rd8 29. Rd1 Rd7 30. Rdf1 Rad8 31. Ka2 Bb5 32. Bxb5 axb5 33. Rf2 Qd5 34. Rh2 h5 35. Rhg2 Qf5 36. Rf1 Qd5 37. Rfg1 Qc4 38. Rg5 0-1